| 000 | 00959nam a2200265 a 4500 | ||
|---|---|---|---|
| 001 | BRL_778 | ||
| 005 | 20190320210907.0 | ||
| 008 | 071013s1966----sp-a######---#000-0#spa-# | ||
| 041 | _aspa | ||
| 044 | _asp | ||
| 050 | 4 |
_aS591 _b.T46 1966 |
|
| 100 | 1 |
_aThompson, Louis M. _924914 |
|
| 245 | 1 | 0 |
_aEl Suelo y su fertilidad _bpropiedades físicas, biológicas y químicas del suelo en relación con su formación, clasificación y tratamientos desde el punto de vista de la fertilidad _cLouis M. Thompson ; versión española por Ricardo Clará Camprubi. |
| 250 | _a3a ed. | ||
| 260 |
_aBarcelona _bEditorial Reverté _c1966 |
||
| 300 |
_a407 p. _bil., gráficas, mapas _c22 cm. |
||
| 500 | _aAu861 | ||
| 500 | _aTraducción de: Soils and soil fertility. | ||
| 504 | _aBibliografía: p. 398-399 | ||
| 650 | 1 | 4 |
_aSuelos _917478 |
| 650 | 1 | 4 |
_aFertilidad del suelo _924842 |
| 700 | 1 |
_aCamprubi, Ricardo Clará _etr. _924915 |
|
| 902 | _aGRL | ||
| 942 |
_2lcc _cB |
||
| 999 |
_c9590 _d9590 |
||